Central Library OPAC University of Rajshahi

বিবেকানন্দ ও বাংলাসাহিত্য / (Record no. 53873)

MARC details
000 -LEADER
fixed length control field 01035nam a2200265 a 4500
001 - CONTROL NUMBER
control field 53873
003 - CONTROL NUMBER IDENTIFIER
rucl marc code BD-RjUL
005 - DATE AND TIME OF LATEST TRANSACTION
control field 20211209080032.0
008 - FIXED-LENGTH DATA ELEMENTS--GENERAL INFORMATION
fixed length control field 161027s1978 ii ||||| |||| 00| 0 ben d
020 ## - INTERNATIONAL STANDARD BOOK NUMBER
Terms of availability : IRs 40.00
035 ## - SYSTEM CONTROL NUMBER
System control number (BD-RjUL 53995
040 ## - CATALOGING SOURCE
Original cataloging agency BD-RjUL
Language of cataloging ben
Transcribing agency BD-RjUL
041 ## - LANGUAGE CODE
Language code of text/sound track or separate title ben
082 ## - DEWEY DECIMAL CLASSIFICATION NUMBER
Edition number 23
Classification number 891.44092
Author mark and year GHB 1978
100 ## - MAIN ENTRY--PERSONAL NAME
Personal name ঘোষ, প্রণবরঞ্জন
9 (RLIN) 160491
245 10 - TITLE STATEMENT
Title বিবেকানন্দ ও বাংলাসাহিত্য /
Statement of responsibility, etc. প্রণবরঞ্জন ঘোষ
250 ## - EDITION STATEMENT
Edition statement পরি. ৩য় সং.
260 ## - PUBLICATION, DISTRIBUTION, ETC. (IMPRINT)
Place of publication, distribution, etc. কলিকাতা :
Name of publisher, distributor, etc. করুণা প্রকাশনী,
Date of publication, distribution, etc. ১৯৭৮ [১৩৮৫]
300 ## - PHYSICAL DESCRIPTION
Pagination [১৬], ৫৪৮ পৃ. ;
Size ২১ সেমি.
600 ## - SUBJECT ADDED ENTRY--PERSONAL NAME
Personal name বিবেকানন্দ, স্বামী
General subdivision জীবনী
Personal name Bibekanando, Shami,
General subdivision Biography
650 ## - SUBJECT ADDED ENTRY--TOPICAL TERM
Topical term or geographic name as entry element Bengali Writer
9 (RLIN) 160494
Topical term or geographic name as entry element বাংলা লেখক
9 (RLIN) 135145
942 ## - ADDED ENTRY ELEMENTS (KOHA)
Source of classification or shelving scheme Dewey Decimal Classification
Koha item type Books
Holdings
Lost status Source of classification or shelving scheme Damaged status Not for loan Collection code Permanent Location Current Location Shelving location Date acquired Source of acquisition Cost, normal purchase price Total Checkouts Full call number Date last seen Copy number Koha item type
  Dewey Decimal Classification     Non-fiction Central Library, University of Rajshahi Central Library, University of Rajshahi   20/11/1979 Kolikata, India International 40.00   B 891.44092 GHB 1978 27/10/2016 C-2 Books
  Dewey Decimal Classification   Not For Loan Non-fiction Central Library, University of Rajshahi Central Library, University of Rajshahi Reading Room 22/09/1981 India international, kolcutta 40.00   B 891.44092 GHB 1978 23/05/2017 C-1 Books